|
|
|
|
| LEADER |
00000nam a2200000 4500 |
| 001 |
vtls012265532 |
| 003 |
SK-MaSNL |
| 005 |
20260302095707.0 |
| 008 |
251112s1836 xo a f 000 pdhun |
| 015 |
|
|
|a SNBHFA
|
| 040 |
|
|
|a SNK
|b slo
|c SNK
|e rda
|
| 041 |
0 |
|
|a hun
|
| 044 |
|
|
|a hu
|c HU
|
| 072 |
|
7 |
|a 821.511.1
|x Ugrofínske literatúry
|2 konspekt
|
| 072 |
|
7 |
|a 821.511.1.09
|x Ugrofínske literatúry (o nich)
|2 konspekt
|
| 080 |
|
|
|a 821.511.141-1
|2 2011
|
| 100 |
1 |
|
|a Faludi, František,
|d 1704-1779
|4 aut
|9 389729
|
| 245 |
1 |
0 |
|a Anthologia Faludi Ferencz' Munkáiból
|
| 246 |
1 |
0 |
|a Téli Éjszakák. Elbeszélések
|
| 264 |
|
3 |
|a Kassán
|b Nyomtatta Werfer Károly
|c 1836
|
| 300 |
|
|
|a 6 nečíslovaných strán, 50 strán
|c 14,5 cm
|
| 336 |
|
|
|a text
|b txt
|2 rdacontent
|
| 337 |
|
|
|a bez média
|b n
|2 rdamedia
|
| 338 |
|
|
|a zväzok
|b n
|2 rdacarrier
|
| 490 |
0 |
|
|a Zsebkönyvtár. Magyar Irók' Remekei
|v Harmadik Kötet
|
| 500 |
|
|
|a Titulná strana s ozdobnými linkami
|
| 501 |
|
|
|a Príväzok 1. k: CSOKONAI Vitéz, Mihály. Anthologia Csokonai Vitéz Mihály' Munkáiból. Kassán : Nyomtatta Werfer Károly, 1836.
|5 SNK SE 4151/2-3
|
| 505 |
0 |
0 |
|a Obsahuje: Prítlačok 1.:
|t Téli Éjszakák. Elbeszélések
|g 3 nečíslované strany, 54-143 strán
|
| 510 |
4 |
|
|a Bibliografia územne slovacikálnych tlačí 19. storočia
|c 3312
|
| 546 |
|
|
|a Maďarský text
|b Antikva
|
| 561 |
|
|
|a Proveniencia: oválna pečiatka: Komárom Vármegye Könyvtára.
|5 SNK SE 4151/2-3/prív.1
|
| 563 |
|
|
|a Väzba: previazaná, pevná papierová.
|5 SNK SE 4151/2-3
|
| 563 |
|
|
|a Väzba: pôvodná, lepenková.
|5 SNK SE 4151/3 D1
|
| 650 |
0 |
7 |
|a maďarská poézia
|2 SNKPH
|9 1294
|
| 700 |
1 |
|
|a Werfer, Karol,
|d 1790-1846
|4 prt
|9 187511
|
| 710 |
2 |
|
|a Komárno (Slovensko).
|b Župná knižnica
|4 fmo
|9 769189
|
| 752 |
|
|
|a Slovensko
|d Košice
|
| 830 |
|
0 |
|a Zsebkönyvtár. Magyar Irók' Remekei
|9 691761
|
| 852 |
|
|
|a snk
|p SE 4151/2-3/prív.1 ; SE 4151/3 D1
|
| 958 |
|
|
|a ONDV
|
| 958 |
|
|
|a DF
|
| 999 |
|
|
|c 1217849
|d 1219779
|
| 952 |
|
|
|a SNK
|b SNK
|y PREZ
|7 0
|p 17A1487388
|o snkSE 4151/2-3/prív.1
|i snkF 1532/69
|8 5
|0 0
|1 0
|4 0
|d 2024-10-16
|l 0
|r 2026-02-24 23:34:28
|w 2026-02-24
|
| 952 |
|
|
|a SNK
|b SNK
|y PREZ
|7 0
|p 17A0462841
|o snkSE 4151/3 D1
|i snkF 1358/70
|8 5
|z Rok: 1836
|0 0
|1 0
|4 0
|d 2005-03-11
|l 0
|r 2026-02-24 23:34:28
|w 2026-02-24
|